Berkeley Physics Courcse Waves (In SI Units)(Vol 3) (Record no. 531357)
[ view plain ]
| 000 -LEADER | |
|---|---|
| fixed length control field | 00393nam a2200133Ia 4500 |
| 008 - FIXED-LENGTH DATA ELEMENTS--GENERAL INFORMATION | |
| fixed length control field | 191014s9999 xx 000 0 und d |
| 020 ## - INTERNATIONAL STANDARD BOOK NUMBER | |
| International Standard Book Number | 978-0-07-070217-2 |
| 082 ## - DEWEY DECIMAL CLASSIFICATION NUMBER | |
| Classification number | 621.3813 |
| Author Mark | CRA |
| 100 ## - MAIN ENTRY--PERSONAL NAME | |
| Personal name | Frank S Crawford Jr. |
| 9 (RLIN) | 23734 |
| 245 #0 - TITLE STATEMENT | |
| Title | Berkeley Physics Courcse Waves (In SI Units)(Vol 3) |
| 260 ## - PUBLICATION, DISTRIBUTION, ETC. | |
| Place of publication, distribution, etc. | India |
| Name of publisher, distributor, etc. | McGraw hill Education Private Ltd |
| Date of publication, distribution, etc. | 2011 |
| 300 ## - PHYSICAL DESCRIPTION | |
| Extent | Xvii,626 |
| 942 ## - ADDED ENTRY ELEMENTS (KOHA) | |
| Koha item type | Book |
| Withdrawn status | Lost status | Damaged status | Not for loan | Permanent Location | Current Location | Date acquired | Source of acquisition | Cost, normal purchase price | Total Checkouts | Full call number | Barcode | Date last seen | Date last checked out | Price effective from | Koha item type |
|---|---|---|---|---|---|---|---|---|---|---|---|---|---|---|---|
| School of Natural Sciences (SNS) | School of Natural Sciences (SNS) | 10/15/2019 | World Book Co. | 2432.04 | 1 | 621.3813CRA | SNS0003134 | 12/19/2024 | 12/05/2024 | 10/15/2019 | Book |
